Limni ve Malta mektupları. (Record no. 51011)
[ view plain ]
| 000 -LEADER | |
|---|---|
| fixed length control field | 00918cam a22002651 4500 |
| 001 - CONTROL NUMBER | |
| control field | ne 68004434 |
| 003 - CONTROL NUMBER IDENTIFIER | |
| control field | DLC |
| 005 - DATE AND TIME OF LATEST TRANSACTION | |
| control field | 20260227111849.0 |
| 008 - FIXED-LENGTH DATA ELEMENTS--GENERAL INFORMATION | |
| fixed length control field | 800108s1965 tu 000 0 tur |
| 010 ## - LIBRARY OF CONGRESS CONTROL NUMBER | |
| LC control number | ne 68004434 |
| 035 ## - SYSTEM CONTROL NUMBER | |
| System control number | (OCoLC)5854863 |
| 040 ## - CATALOGING SOURCE | |
| Original cataloging agency | DLC |
| Transcribing agency | AzU |
| Modifying agency | DLC |
| 042 ## - AUTHENTICATION CODE | |
| Authentication code | premarc |
| 050 00 - LIBRARY OF CONGRESS CALL NUMBER | |
| Classification number | CT1478.G6 |
| Item number | A22 |
| 100 1# - MAIN ENTRY--PERSONAL NAME | |
| Personal name | Gökalp, Ziya, |
| Dates associated with a name | 1876-1924. |
| 245 10 - TITLE STATEMENT | |
| Title | Limni ve Malta mektupları. |
| Statement of responsibility, etc. | Hazırlayan: Fevziye Abdullah Tansel. |
| 260 ## - PUBLICATION, DISTRIBUTION, ETC. | |
| Place of publication, distribution, etc. | Ankara, |
| Name of publisher, distributor, etc. | Türk Tarih Kurumu Basımevi, |
| Date of publication, distribution, etc. | 1965. |
| 300 ## - PHYSICAL DESCRIPTION | |
| Extent | lxii, 624 p. |
| Dimensions | 24 cm. |
| 490 1# - SERIES STATEMENT | |
| Series statement | His Ziya Gökalp külliyatı, |
| Volume/sequential designation | 2 |
| 490 1# - SERIES STATEMENT | |
| Series statement | Türk Tarih Kurumu yayınlarından, 2. seri, nu. 18a. |
| 504 ## - BIBLIOGRAPHY, ETC. NOTE | |
| Bibliography, etc. note | Bibliographical footnotes. |
| 700 1# - ADDED ENTRY--PERSONAL NAME | |
| Personal name | Tansel, Fevziye Abdullah, |
| Relator term | ed. |
| 800 1# - SERIES ADDED ENTRY--PERSONAL NAME | |
| Personal name | Gökalp, Ziya, |
| Dates associated with a name | 1876-1924. |
| Title of a work | Ziya Gökalp külliyatı, |
| Volume/sequential designation | 2. |
| 810 2# - SERIES ADDED ENTRY--CORPORATE NAME | |
| Corporate name or jurisdiction name as entry element | Türk Tarih Kurumu. |
| Title of a work | Türk Tarih Kurumu yayınları ; |
| Volume/sequential designation | seri 2, nu.18a. |
No items available.